Managerial marketing for industrial firms /
Guardado en:
| Autor principal: | |
|---|---|
| Otros Autores: | |
| Formato: | Libro |
| Lenguaje: | inglés |
| Publicado: |
New York
Random House, Business Division
1984.
|
| Materias: | |
| Acceso en línea: | Ver en el OPAC |
| Etiquetas: |
Sin Etiquetas, Sea el primero en etiquetar este registro!
|
MARC
| LEADER | 00000cam a2200000 a 4500 | ||
|---|---|---|---|
| 005 | 20260127134151.0 | ||
| 008 | 081127s1984 nyua b 001 0 eng | ||
| 010 | |a 83-015996 | ||
| 020 | |a 039433583X | ||
| 035 | |a vtls009449845 | ||
| 039 | 9 | |y 200811270957 |z mschk03 | |
| 040 | |a DLC |c DLC |d DLC |d STUSCHK1 | ||
| 082 | 0 | 0 | |a 658.8 |2 19 |
| 100 | 1 | |a Ames, B. Charles. | |
| 245 | 1 | 0 | |a Managerial marketing for industrial firms / |c B. Charles Ames, James D. Hlavacek. |
| 260 | |a New York |b Random House, Business Division |c 1984. | ||
| 300 | |a xvi, 560 p. |b ill. |c 25 cm. | ||
| 504 | |a Includes bibliographical references and indexes. | ||
| 650 | 0 | |a Industrial marketing. | |
| 650 | 0 | |a Marketing |x Management. | |
| 700 | 1 | |a Hlavacek, James D. | |
| 906 | |a 7 |b cbc |c orignew |d 1 |e ocip |f 19 |g y-gencatlg | ||
| 910 | |a SCHK95 | ||
| 919 | |a 0-394-33583-X | ||
| 991 | |b c-GenColl |h HF5415 |i .A596 1984 |t Copy 1 |w BOOKS | ||
| 999 | |c 5677 |d 5677 | ||